Θέματα ιδιωτικότητας και προσωπικών δεδομένων : πτυχιακή εργασία
Η ακόλουθη εργασία πραγματεύεται με θέματα ιδιωτικότητας και προσωπικών δεδομένων. Στο πρώτο κεφάλαιο γίνεται μια αναλυτική παρουσίαση της ιδιωτικότητας με τρεις κατευθυντήριους άξονες: την έννοια, τη σημασία της και τις απειλές που ενδεχομένως να δέχεται. Το δεύτερο κεφάλαιο αναφέρεται στα προσωπικ...
Αποθηκεύτηκε σε:
| Κύριος συγγραφέας: | |
|---|---|
| Συγγραφή απο Οργανισμό/Αρχή: | |
| Μορφή: | Thesis Βιβλίο |
| Γλώσσα: | Greek |
| Δημοσίευση: |
2009.
|
| Θέματα: | |
| Διαθέσιμο Online: | http://hdl.handle.net/11610/8086 |
| Ετικέτες: |
Προσθήκη ετικέτας
Δεν υπάρχουν, Καταχωρήστε ετικέτα πρώτοι!
|
MARC
| LEADER | 00000cam a2200000 i 4500 | ||
|---|---|---|---|
| 001 | 1/457 | ||
| 008 | 090703s2009 gr | ||| |||| ||gre|| | ||
| 035 | |l 10105244 | ||
| 040 | |a GR-MyUa |b gre |e AACR2 | ||
| 041 | 0 | |a gre | |
| 082 | 7 | |a 323.448 |2 (22) | |
| 100 | 1 | |a Κουβδή, Ειρήνη-Μαρία. | |
| 245 | 1 | 0 | |a Θέματα ιδιωτικότητας και προσωπικών δεδομένων : |b πτυχιακή εργασία / |c Ειρήνη-Μαρία Κουβδή ; επιβλέπων καθηγητής, Στέλιος Ξανθόπουλος. |
| 260 | |c 2009. | ||
| 300 | |a 174 σ. : |b εγχρ. εικ., σχέδια, πιν. ; |c 30 εκ. | ||
| 502 | |a Πτυχιακή εργασία – Πανεπιστήμιο Αιγαίου, Σάμος, 2009. | ||
| 504 | |a Βιβλιογραφία: σ. 139-144. | ||
| 506 | 1 | |a Διάθεση πλήρους κειμένου ; |d Ενδοπανεπιστημιακή δημοσίευση. | |
| 520 | 8 | |a Η ακόλουθη εργασία πραγματεύεται με θέματα ιδιωτικότητας και προσωπικών δεδομένων. Στο πρώτο κεφάλαιο γίνεται μια αναλυτική παρουσίαση της ιδιωτικότητας με τρεις κατευθυντήριους άξονες: την έννοια, τη σημασία της και τις απειλές που ενδεχομένως να δέχεται. Το δεύτερο κεφάλαιο αναφέρεται στα προσωπικά δεδομένα και το διαδίκτυο. Συγκεκριμένα στην πρώτη ενότητα του κεφαλαίου αυτού αναφέρονται οι κίνδυνοι που ελλοχεύουν από τη χρήση του διαδικτύου, ενώ στη δεύτερη τρόποι με τους οποίους μπορεί κανείς να προστατευθεί Στο τρίτο κεφάλαιο γίνεται μια εκτενής αναφορά σε όλο το ερευνητικό παρελθόν που υπάρχει σε σχέση με την ιδιωτικότητα από τον Alan Westin , ενώ το τέταρτο κεφάλαιο αφορά τη διάθεση των πολιτών για προστασία και «πώληση» των προσωπικών τους πληροφοριών. Το πέμπτο κεφάλαιο περιλαμβάνει τα αποτελέσματα μιας έρευνας που έγινε στα πλαίσια της εργασίας αυτής με χρήση κατάλληλου ερωτηματολογίου, για να διαπιστώσουμε πως αξιολογούν οι Έλληνες πολίτες την ιδιωτικότητα και τα προσωπικά τους δεδομένα. Στο πρώτο μέρος του έκτου κεφαλαίου γίνεται μια παρουσίαση ενός θεωρητικού μοντέλου που προτάθηκε από καθηγητές του Πανεπιστημίου Αιγαίου και το οποίο μας βοηθάει να υπολογίσουμε πόσο κοστίζει η ιδιωτικότητα, ενώ στο δεύτερο, γίνεται μια πρώτη προσπάθεια εφαρμογής του μοντέλου με τα δεδομένα της έρευνάς μας. Για την καλύτερη ενημέρωση μας όσον αφορά τη νομική κατοχύρωση μας απο ενδεχόμενες παραβιάσεις των προσωπικών μας δεδομένων τόσο εκτός όσο και εντός διαδικτυακού χώρου, στο έβδομο και τελευταίο κεφάλαιο γίνεται μια ανάλυση των νόμων 2472/1997 περί «προστασίας του ατόμου από την επεξεργασία δεδομένων προσωπικού χαρακτήρα» και 3471/2006 περί «προστασίας των δεδομένων προσωπικού χαρακτήρα και της ιδιωτικής ζωής στον τομέα των ηλεκτρονικών επικοινωνιών».Τέλος, στο παράρτημα Α', είναι διαθέσιμο το ερωτηματολόγιο που χρησιμοποιήθηκε για το πέμπτο κεφάλαιο, ενώ στο παράρτημα Β' βρίσκονται οι πίνακες από τα κριτήρια που χρησιμοποιήθηκαν για την ανάλυση των στοιχείων της έρευνάς μας, καθώς επίσης και μερικά περιγραφικά στατιστικά. | |
| 540 | |a Κλειδωμένη η δυνατότητα αντιγραφής (copy) του κειμένου. | ||
| 610 | 2 | 0 | |a University of the Aegean |x Dissertations. |
| 650 | 0 | 0 | |a Privacy, Right of. |
| 650 | 0 | 0 | |a Data protection. |
| 650 | 0 | 0 | |a Dissertations, Academic |z Greece. |
| 700 | 1 | |a Ξανθόπουλος, Στυλιανός, |e dgs | |
| 710 | 2 | |a Πανεπιστήμιο Αιγαίου. |b Σχολή Θετικών Επιστημών. |b Τμήμα Στατιστικής και Αναλογιστικών-Χρηματοοικονομικών Μαθηματικών. | |
| 852 | |a INST |b SAMOS |c DIATR |e 20090703 |h 323.448 ΚΟΥ |p 005300029127 |q 005300029127 |t DIE |y 23 | ||
| 852 | |a INST |b SAMOS |c DIATR |e 20090703 |h 323.448 ΚΟΥ |p 005300031266 |q 005300031266 |t DIE |y 23 | ||
| 856 | |u http://hdl.handle.net/11610/8086 | ||
| 901 | |a BIBL3-2009-2 | ||
| 924 | |a Κουβδή |b Ειρήνη-Μαρία |y Σάμος |z 2009-06 | ||
| 970 | |a Κοσιέρης |b Χρήστος |z 03/07/2009 | ||